Religion Quiz

Random Religion or Judaism Quiz
Score 0/12 Timer 03:00
4 Plays Today
% Correct
Jesus Christ
94.7%
Sunday
93.7%
Israel
91.6%
Fasting
91.4%
Mecca
89%
Synagogue
87.9%
Shia
83.8%
Martin Luther
83.4%
Mount Sinai
75.9%
Torah
70.2%
Jordan River
68.2%
Granada
40.1%
Remove Ads.
Support Sporcle.
Get the best of Sporcle when you Go Orange. This ad-free experience offers more features, more stats, and more fun while also helping to support Sporcle. Thank you for becoming a member.

You're not logged in!

Compare scores with friends on all Sporcle quizzes.
OR
Log In

Show Comments

Extras

Top Quizzes Today


Score Distribution

Your Account Isn't Verified!

In order to create a playlist on Sporcle, you need to verify the email address you used during registration. Go to your Sporcle Settings to finish the process.

Report this User

Report this user for behavior that violates our Community Guidelines.

Details: